[Event "Défi"]
[Site "www.echecsemail.com"]
[Date "2026.01.19"]
[Round "1"]
[White "Malvina"]
[Black "Turbo"]
[WhiteElo "1270"]
[BlackElo "1340"]
[Result "0-1"]
1.d4 d5
2.e4 dxe4
3.Nb1d2 Qd8xd4
4.Ng1e2 Qd4e5
5.Nd2c4 Qe5f6
6.Ne2g3 g6
7.Ng3xe4 Qf6c6
8.Qd1f3 Bc8f5
9.Bf1d3 Ng8f6
10.b3 Nf6xe4
11.Nc4e5 Qc6c3
12.Kd1 Qc3xa1
13.Bd3xe4 Qa1xe5
14.Bc1a3 Bf5xe4
15.Qf3h3 f5
16.Kc1 Qe5a1
17.Kd2 Qa1xh1
18.Ba3b2 Rh8g8
19.f3 Be4c6
20.Bb2e5 Nb8d7
21.Be5xc7 e6
22.Bc7f4 Bc6b5
23.c4 Bb5c6
24.Ke2 Bf8b4
25.Qh3g3 Qh1a1
26.Bf4g5 Qa1xa2
27.Kf1 Qa2b1
28.Kf2 Qb1b2
29.Kg1 Bb4c5
30.Kf1 Qb2xb3
{ abandon }0-1

[Event "Coupe Niveau 1"]
[Site "www.echecsemail.com"]
[Date "2026.01.19"]
[Round "1"]
[White "Katastrofic"]
[Black "Jeff75019"]
[WhiteElo "1460"]
[BlackElo "1430"]
[Result "1-0"]
1.e4 e5
2.Bf1c4 Ng8f6
3.d3 Bf8c5
4.h3 Nf6h5
5.Qd1xh5 O-O
6.a3 Qd8f6
7.Ng1f3 d6
8.Bc1g5 g6
9.Bg5xf6 gxh5
10.b4 Bc5b6
11.O-O Nb8d7
12.Bf6g5 c5
13.b5 Kh8
14.a4 f6
15.Bg5h4 f5
16.exf5 Rf8xf5
17.Bc4e6 Rf5f6
18.Bh4xf6 Nd7xf6
19.Be6xc8 Ra8xc8
20.c4 Rc8d8
21.a5 Bb6c7
22.Nb1c3 Bc7b8
23.Nf3g5 Rd8f8
24.b6 h6
25.Ng5e6 Rf8g8
26.f4 Rg8e8
27.f5 Re8g8
28.Nc3b5 Rg8g3
29.Rf1f3 Rg3g5
30.Ne6xg5 hxg5
31.bxa7 Bb8xa7
32.Nb5xd6 g4
33.hxg4 Nf6xg4
34.Nd6xb7 Ng4f6
35.Ra1b1 h4
36.Rb1b5 Nf6h5
37.Nb7xc5 Kg7
38.Rb5b7 Kf6
39.Rb7xa7 Nh5f4
40.g4 h3
41.Kh2 Kg5
42.a6 Kxg4
43.Rf3xf4 exf4
44.f6 f3
45.Nc5e4 Kf5
46.Kxh3 Ke5
47.f7 Kd4
48.Kg3 Kxd3
49.Kxf3 Kxc4
50.Ra7d7 Kb5
51.a7 Kc6
52.Rd7e7 { abandon }1-0

[Event "Coupe Niveau 3"]
[Site "www.echecsemail.com"]
[Date "2026.01.19"]
[Round "1"]
[White "Woluwe1975"]
[Black "Verson"]
[WhiteElo "1640"]
[BlackElo "1870"]
[Result "0-1"]
1.d4 d5
2.c4 c6
3.Ng1f3 Ng8f6
4.Nb1c3 e6
5.a3 Bf8d6
6.c5 Bd6c7
7.Bc1g5 Nb8d7
8.h3 O-O
9.Bg5h4 e5
10.e3 e4
11.Nf3d2 Rf8e8
12.Qd1c2 Nd7f8
13.O-O-O Bc8d7
14.Kb1 Nf8g6
15.Bh4g3 b6
16.Nc3a4 bxc5
17.Bg3xc7 Qd8xc7
18.Na4xc5 Qc7b6
19.Nc5xd7 Nf6xd7
20.Nd2b3 Ra8b8
21.Nb3c5 Nd7xc5
22.dxc5 Qb6a5
23.Ka2 Ng6e5
24.Bf1e2 Rb8b7
25.Rd1d4 Re8b8
26.Rh1b1 Ne5d7
27.b4 Qa5c7
28.Rd4d1 Nd7f6
29.Qc2c3 Nf6d7
30.Qc3d4 a5
31.Rb1b3 axb4
32.axb4 Rb7a7
33.Kb2 Rb8a8
34.Kc3 Ra7a2
35.Rd1d2 Ra2xd2
36.Qd4xd2 Qc7a7
37.Kd4 Qa7a1
38.Qd2b2 f6
39.Qb2xa1 Ra8xa1
40.Rb3b2 Nd7e5
41.b5 cxb5
42.Be2xb5 Ra1d1
43.Kc3 Kf7
44.Rb2c2 Ke6
45.c6 Kd6
46.c7 Kxc7
47.Kb2 Kd6
48.Bb5e2 Ne5d3
49.Ka2 Nd3c1
50.Kb2 Nc1xe2
51.Rc2xe2 Rd1g1
52.g3 Ke5
53.Kc3 f5
54.Re2a2 Rg1c1
55.Kd2 Rc1c7
56.Ra2a5 g5
57.Ra5b5 Rc7d7
58.Ke2 f4
59.gxf4 gxf4
60.Rb5a5 f3
61.Ke1 Rd7g7
62.Kf1 Rg7g2
63.Ra5a7 Rg2h2
64.Kg1 Rh2xh3
65.Ra7e7 Kd6
66.Re7e8 Rh3h6
67.Re8c8 Ke5
68.Rc8c5 Rh6d6
69.Rc5a5 h5
70.Ra5b5 Rd6g6
71.Kh1 Rg6g2
72.Rb5b2 h4
73.Rb2d2 Rg2g7
74.Kh2 Rg7d7
75.Rd2d4 Kf5
76.Kh3 Kg5
77.Rd4a4 Rd7c7
78.Ra4a5 Rc7c2
79.Ra5xd5 Kf6
80.Kxh4 Rc2xf2
81.Kg4 Ke6
82.Rd5d4 Ke5
83.Kg3 Rf2e2
84.Rd4a4 Re2xe3
{ abandon }0-1

[Event "1301"]
[Site "www.echecsemail.com"]
[Date "2026.01.19"]
[Round "1"]
[White "Katastrofic"]
[Black "Turbo"]
[WhiteElo "1370"]
[BlackElo "1300"]
[Result "0-1"]
1.e4 e5
2.Bf1c4 h6
3.h3 a6
4.Ng1f3 d6
5.O-O Nb8c6
6.a3 Ng8f6
7.d3 b5
8.Bc4a2 Bf8e7
9.b4 O-O
10.c4 bxc4
11.Bc1b2 c3
12.Bb2xc3 Bc8b7
13.Rf1e1 Nc6a7
14.d4 exd4
15.Bc3xd4 Na7b5
16.Bd4b2 Qd8d7
17.Ba2c4 Qd7c6
18.Bb2xf6 Be7xf6
19.Bc4d5 Qc6b6
20.Ra1a2 c6
21.Bd5c4 Bf6d8
22.Bc4xb5 axb5
23.Nb1c3 Bd8f6
24.e5 dxe5
25.Nf3xe5 c5
26.Nc3d5 Qb6d8
27.Nd5xf6 Qd8xf6
28.Ne5d7 Qf6g6
29.Nd7xf8 Qg6xg2
0-1

[Event "Défi"]
[Site "www.echecsemail.com"]
[Date "2026.01.19"]
[Round "1"]
[White "Burgman"]
[Black "Khamis"]
[WhiteElo "2000"]
[BlackElo "1830"]
[Result "0-1"]
1.d4 d5
2.c4 c6
3.Ng1f3 Ng8f6
4.Nb1c3 Bc8f5
5.Bc1f4 h6
6.e3 e6
7.Bf1d3 Bf5g4
8.h3 Bg4h5
9.g4 Bh5g6
10.Bd3xg6 fxg6
11.Nf3e5 g5
12.Bf4g3 Bf8d6
13.Qd1b3 b6
14.cxd5 Bd6xe5
15.Bg3xe5 exd5
16.Ke2 O-O
17.Qb3c2 Nb8d7
18.Be5d6 Rf8e8
19.Qc2f5 Nf6e4
20.Nc3xe4 Re8xe4
21.Ra1c1 Ra8c8
22.b4 Nd7f6
23.Bd6g3 Qd8e8
24.Kd3 c5
25.bxc5 bxc5
26.dxc5 Qe8b5
27.Kd2 Qb5b4
28.Ke2 Rc8xc5
29.Rc1xc5 Qb4xc5
30.Rh1d1 Qc5c4
31.Ke1 Qc4xa2
32.Qf5c8 Re4e8
33.Qc8b7 a5
34.Qb7b1 Qa2c4
35.Rd1d4 Qc4xd4
{ abandon }0-1

[Event "Coupe Niveau 9"]
[Site "www.echecsemail.com"]
[Date "2026.01.19"]
[Round "1"]
[White "Zax"]
[Black "Coincoin18"]
[WhiteElo "2260"]
[BlackElo "2640"]
[Result "0-1"]
1.e4 Nb8c6
2.d4 d5
3.Nb1c3 dxe4
4.d5 Nc6b8
5.Nc3xe4 c6
6.Bf1c4 cxd5
7.Qd1xd5 Qd8xd5
8.Bc4xd5 e6
9.Bd5b3 b5
10.Ng1f3 Bc8b7
11.Ne4d2 Ng8f6
12.O-O Bf8e7
13.Nf3e5 O-O
14.Nd2f3 b4
15.Rf1e1 Nb8d7
16.Bc1g5 Nd7c5
17.Bb3c4 Nc5e4
18.Bg5e3 Rf8c8
19.Bc4b3 a5
20.Bb3a4 Ne4d6
21.Ra1d1 Nf6d5
22.Be3d4 Nd6f5
23.h3 Nf5xd4
24.Nf3xd4 Nd5b6
25.Ba4b5 Rc8c5
26.Bb5d3 Be7f6
27.Ne5f3 Nb6a4
{ abandon }0-1

[Event "Défi( 10J+24H/c 10J Max )"]
[Site "www.echecsemail.com"]
[Date "2026.01.19"]
[Round "1"]
[White "Petitlulu64"]
[Black "Temistocles"]
[WhiteElo "1740"]
[BlackElo "1480"]
[Result "1-0"]
1.d4 d5
2.Nb1c3 g6
3.Bc1f4 Bf8g7
4.e3 a6
5.Ng1f3 Bc8g4
6.Bf1e2 Bg4xf3
7.Be2xf3 e6
8.O-O g5
9.Bf4g3 h5
10.h3 f5
11.Bg3e5 Rh8h7
12.Bf3xh5 Kf8
13.Be5xg7 Kxg7
14.Bh5e2 Qd8f6
15.f3 e5
16.Nc3xd5 Qf6d6
17.Be2c4 exd4
18.Qd1xd4 Kf8
19.Kf2 b5
20.Bc4b3 Nb8c6
21.Qd4d3 Qd6e5
22.Qd3c3 Qe5d6
23.Ra1d1 Qd6h6
24.Qc3c5 Ng8e7
25.Nd5xe7 Rh7xe7
26.Rd1d7 Ra8e8
27.Rf1d1 g4
28.Qc5xf5 Kg7
29.Qf5xg4 Kh7
30.Qg4f5 Kg7
31.Rd7xe7 Re8xe7
32.Rd1d7 Qh6xe3
33.Kg3 Re7xd7
34.Qf5xd7 Nc6e7
35.Qd7g4 Kf8
36.Qg4f4 Qe3xf4
37.Kxf4 a5
38.g4 c5
39.Bb3e6 Kg7
40.Ke5 Ne7g6
41.Kd5 Ng6f4
42.Kxc5 Nf4xe6
43.Kxb5 Ne6d4
44.Kxa5 Nd4xf3
45.c4 Nf3d4
46.b4 Nd4c6
47.Kb5 Nc6d4
48.Kb6 Kg6
49.c5 Kf6
50.c6 Ke7
51.Kb7 Kd6
52.g5 Nd4xc6
53.b5 Nc6a5
54.Ka7 Ke7
55.b6 Na5c6
56.Kb7 Nc6d8
57.Kc7 Nd8e6
58.Kc8 Ne6xg5
59.b7 Ng5xh3
60.b8Q Kf6
61.a4 Nh3g5
62.a5 Ng5e6
63.a6 Ke7
64.Qb8b7 Kd6
65.Qb7d7 Ke5
66.Qd7xe6 Kxe6
67.a7 { abandon }1-0

[Event "Défi( 10J+24H/c 10J Max )"]
[Site "www.echecsemail.com"]
[Date "2026.01.19"]
[Round "1"]
[White "Raztis"]
[Black "Marcgagnon5678"]
[WhiteElo "1549"]
[BlackElo "999"]
[Result "1-0"]
1.Ng1f3 b6
2.g3 Bc8b7
3.Bf1g2 Nb8a6
4.c3 e6
5.b4 b5
6.Nb1a3 Qd8f6
7.Na3xb5 Bf8d6
8.O-O h5
9.d4 Bb7xf3
10.Bg2xf3 c6
11.Nb5xd6 Kd8
12.b5 cxb5
13.Nd6xb5 Qf6f5
14.Ra1b1 Ra8b8
15.c4 Ng8e7
16.Rb1b3 h4
17.Rb3a3 Rb8b6
18.Bc1d2 hxg3
19.fxg3 Rh8h3
20.Bf3g2 Qf5g4
21.Bg2f3 Qg4g6
22.c5 Rb6xb5
23.Ra3xa6 Qg6h7
24.Ra6xa7 Rb5b1
25.Qd1a4 Rb1xf1
26.Kxf1 Qh7b1
27.Kg2 Ne7c6
28.Kxh3 Nc6xa7
29.Qa4xa7 Qb1f1
30.Bf3g2 Qf1xe2
31.c6 dxc6
32.Bg2xc6 Qe2h5
33.Kg2 Qh5d5
34.Bc6xd5 exd5
35.Bd2a5 Ke8
36.Ba5b4 Kd8
37.Bb4d6 Kc8
38.Qa7c7 1-0

[Event "Défi"]
[Site "www.echecsemail.com"]
[Date "2026.01.19"]
[Round "1"]
[White "Payne42"]
[Black "Vvvv"]
[WhiteElo "1710"]
[BlackElo "1660"]
[Result "1-0"]
1.g4 e5
2.Bf1g2 d5
3.e3 Nb8c6
4.Nb1c3 Ng8e7
5.Ng1f3 Bc8xg4
6.e4 d4
7.Nc3e2 Ne7g6
8.d3 Bf8d6
9.O-O O-O
10.Ne2g3 Qd8d7
11.Qd1d2 Bd6b4
12.c3 dxc3
13.bxc3 Bg4xf3
14.Bg2xf3 Nc6d4
15.Bf3g2 Nd4e2
16.Ng3xe2 Bb4c5
17.Ra1b1 c6
18.Rf1d1 Bc5b6
19.d4 exd4
20.cxd4 Ra8d8
21.Bc1b2 Ng6e5
22.d5 f6
23.Bb2xe5 fxe5
24.a4 Rf8xf2
25.Kh1 Qd7g4
26.Rd1g1 Rf2xe2
27.Qd2c3 Bb6xg1
28.Rb1xg1 Re2xe4
29.dxc6 bxc6
30.Qc3xc6 h5
31.Bg2xe4 Qg4d7
32.Qc6f6 Qd7d6
33.Qf6g5 Qd6e7
34.Qg5xh5 Qe7f6
35.Qh5h7 Kf8
36.Rg1b1 Rd8d7
37.Qh7f5 Ke7
38.Qf5g4 Kd8
39.Qg4f5 Qf6d6
40.h4 Rd7c7
41.Rb1b8 Ke7
42.Qf5g5 Kf7
43.Qg5f5 Qd6f6
44.Qf5h5 Ke6
45.Rb8e8 Kd6
46.Qh5d1 Kc5
47.Qd1c2 Kd6
48.Qc2d3 Kc5
49.Qd3d5 { abandon }1-0

[Event "Défi"]
[Site "www.echecsemail.com"]
[Date "2026.01.19"]
[Round "1"]
[White "Luz"]
[Black "Tartu"]
[WhiteElo "1720"]
[BlackElo "1730"]
[Result "1/2-1/2"]
1.e4 c5
2.Ng1f3 Nb8c6
3.c3 d6
4.h3 g6
5.Bf1c4 Bf8g7
6.d3 e6
7.Nb1a3 Ng8f6
8.Nf3g5 O-O
9.O-O a6
10.Bc1e3 b5
11.Bc4b3 h6
12.Ng5f3 e5
13.Na3c2 a5
14.a4 b4
15.Qd1c1 Bc8b7
16.Be3d2 Rf8e8
17.Bd2xh6 bxc3
18.bxc3 Nf6h7
19.Bh6g5 Nh7xg5
20.Nf3xg5 Bg7h6
21.Ng5xf7 Bh6xc1
22.Nf7xd8 Kg7
23.Nd8xb7 Bc1b2
24.Ra1a2 Bb2xc3
25.Nb7xd6 Re8f8
26.Nc2e3 Bc3d4
27.Ra2e2 Nc6b4
28.Nd6b5 Nb4xd3
29.f3 Nd3f4
30.Re2e1 Nf4d3
31.Re1e2 Nd3f4
32.Re2e1 Bd4xe3
33.Re1xe3 Ra8d8
34.Bb3c4 Rd8d2
35.Rf1f2 Rd2d1
36.Kh2 Rd1c1
37.Re3c3 Rc1a1
38.Bc4a2 Rf8c8
39.Rf2c2 Kf6
40.Rc3xc5 Rc8xc5
41.Rc2xc5 Ra1xa2
42.Rc5c6 Kg7
43.Nb5c3 Ra2c2
44.Rc6c5 Rc2xg2
45.Kh1 Rg2c2
46.Rc5c7 Kh6
47.Rc7c8 Kg5
48.Rc8c5 Kf6
49.Nc3d5 Nf4xd5
50.Rc5xd5 Rc2f2
51.Rd5xa5 Rf2xf3
52.Ra5a6 Kf7
53.Kg2 Rf3e3
54.a5 Re3xe4
55.Ra6a7 Kf6
56.a6 Re4a4
57.Kg3 Kg5
58.h4 Kf5
59.Ra7f7 Ke6
60.Rf7a7 Kf5
61.Ra7f7 Ke6
62.Rf7a7 e4
63.Kf4 Kd6
64.Ra7g7 e3
65.Kxe3 Ra4xh4
66.a7 Rh4a4
67.Rg7xg6 Kc7
68.Rg6g7 Kb6
69.a8Q Ra4xa8
{ nul }1/2-1/2

[Event "Tournoi n27361"]
[Site "www.echecsemail.com"]
[Date "2026.01.19"]
[Round "1"]
[White "Nogean"]
[Black "Tiounet"]
[WhiteElo "1650"]
[BlackElo "1660"]
[Result "0-1"]
1.c4 b6
2.Nb1c3 Bc8b7
3.Ng1f3 g6
4.e3 Bf8g7
5.g3 Ng8f6
6.Bf1g2 O-O
7.O-O c5
8.d3 Nb8c6
9.a3 d5
10.cxd5 Nf6xd5
11.Nc3xd5 Qd8xd5
12.Nf3d4 Qd5d7
13.Nd4b5 Nc6e5
14.d4 cxd4
15.Nb5xd4 Bb7xg2
16.Kxg2 Qd7d5
17.Nd4f3 Qd5xd1
18.Rf1xd1 Ne5c4
19.Ra1b1 Ra8c8
20.Rd1d7 Rc8a8
21.Rd7xe7 a5
22.b3 Nc4d6
23.a4 Ra8b8
24.Bc1b2 Nd6f5
25.Bb2xg7 Kxg7
26.Rb1d1 Nf5xe7
27.Nf3e5 Rb8c8
28.Ne5c4 Rc8c6
29.Rd1d7 Ne7f5
30.Rd7d3 Rf8c8
31.Rd3d7 h5
32.Nc4e5 Rc6f6
33.Ne5c4 Rc8c6
34.Nc4e5 Rc6e6
35.Ne5f3 Nf5d6
36.Nf3d4 Re6e4
37.Nd4f3 Nd6f5
38.Nf3g5 Re4b4
39.Rd7d3 Rf6d6
40.Rd3c3 Kf6
41.Ng5h7 Kg7
42.Nh7g5 Rd6d2
43.Rc3c7 Nf5d6
44.Rc7d7 Kf6
45.Ng5h7 Kg7
46.Nh7g5 Rb4xb3
47.Ng5xf7 Kf6
48.Nf7xd6 Ke6
49.Rd7g7 Kxd6
50.Rg7xg6 Kc7
51.Rg6g7 Rd2d7
52.Rg7g5 Rd7h7
53.Rg5g6 Rb3b4
54.Rg6g5 Rb4xa4
{ abandon }0-1

[Event "Défi"]
[Site "www.echecsemail.com"]
[Date "2026.01.19"]
[Round "1"]
[White "Roidechecs"]
[Black "Largo"]
[WhiteElo "1230"]
[BlackElo "1240"]
[Result "0-1"]
1.e4 e5
2.Nb1c3 c5
3.Ng1f3 g5
4.d3 f6
5.h3 h5
6.Nc3d5 h4
7.Bf1e2 b5
8.Bc1e3 d6
9.g4 b4
10.O-O a5
11.c3 Nb8c6
12.cxb4 axb4
13.b3 Ra8a7
14.Qd1c2 Bc8b7
15.Qc2c4 Ra7a5
16.Rf1c1 Bb7a6
17.Qc4c2 Qd8b8
18.d4 Qb8c8
19.dxe5 fxe5
20.Nd5b6 Qc8b7
21.Nb6d5 Qb7c8
22.Be3xg5 Qc8b7
23.Be2xa6 Ra5xa6
24.Nd5f6 Kd8
25.Nf6xg8 Kc8
26.Ng8f6 Bf8g7
27.Nf6d5 Rh8f8
28.Nf3xh4 Nc6d4
29.Nd5e7 Kb8
30.Ne7d5 Nd4xc2
31.Rc1xc2 Ra6c6
32.a3 Rc6a6
33.a4 Bg7h8
34.f3 Qb7g7
35.Bg5e7 Rf8e8
36.Nh4f5 Qg7h7
37.Kg2 Qh7g6
38.h4 Re8c8
39.Nf5xd6 Rc8c6
40.Nd6c4 Qg6h6
41.Kg3 Bh8g7
42.Nc4b6 Kb7
43.Nb6c4 Bg7h8
44.g5 Qh6g6
45.Nc4e3 Ka8
46.Nd5f6 Ra6a7
47.Nf6d5 Qg6e8
48.Ne3f5 Qe8c8
49.a5 Qc8a6
50.Be7xc5 Qa6d3
51.Rc2b2 Rc6xc5
52.Nd5b6 Kb7
53.Nb6c4 Ka6
54.Ra1e1 Ra7d7
55.Rb2f2 Qd3xb3
56.Nc4b6 Rd7d8
57.Re1a1 Qb3c3
58.Nf5e7 Qc3xa1
59.f4 Qa1xa5
60.Nb6d5 b3
61.fxe5 Qa5a3
62.g6 b2
63.Kg2 b1Q
64.e6 Qb1xe4
65.Kg1 Qe4xh4
66.Rf2h2 Qh4g4
67.Rh2g2 Qg4d4
68.Kh2 Rc5c1
69.Rg2g3 Qa3a2
70.Rg3g2 Qd4h4
0-1

[Event "Coupe Niveau 4"]
[Site "www.echecsemail.com"]
[Date "2026.01.19"]
[Round "1"]
[White "Nbelnico"]
[Black "Alain64"]
[WhiteElo "1710"]
[BlackElo "2070"]
[Result "0-1"]
1.e4 c5
2.Ng1f3 Nb8c6
3.e5 d5
4.Bf1b5 Bc8g4
5.h3 Bg4xf3
6.Qd1xf3 e6
7.O-O Ng8e7
8.b3 a6
9.Bb5xc6 Ne7xc6
10.c3 Nc6xe5
11.Qf3e2 Bf8d6
12.d4 cxd4
13.cxd4 Ne5c6
14.Bc1b2 O-O
15.Qe2g4 Qd8f6
16.Nb1d2 Rf8e8
17.Nd2f3 e5
18.dxe5 Nc6xe5
19.Nf3xe5 Bd6xe5
20.Bb2xe5 Re8xe5
21.Qg4d4 Ra8e8
22.Qd4b4 b5
23.a4 Qf6b6
24.a5 Qb6e6
25.f3 Re5e2
26.Qb4d4 h6
27.f4 Qe6e3
28.Qd4xe3 Re8xe3
29.Ra1d1 Re3xb3
30.Rf1f2 Re2xf2
31.Kxf2 Rb3a3
32.Rd1xd5 Ra3xa5
33.Rd5d8 Kh7
34.f5 b4
35.Rd8d7 Ra5xf5
36.Ke3 a5
37.Ke4 Kg6
38.Rd7d6 Rf5f6
39.Rd6d5 Rf6a6
{ abandon }0-1

[Event "Tetraktus 103"]
[Site "www.echecsemail.com"]
[Date "2026.01.19"]
[Round "1"]
[White "Intrigue"]
[Black "Alain64"]
[WhiteElo "1760"]
[BlackElo "2080"]
[Result "0-1"]
1.e4 c5
2.Ng1f3 Nb8c6
3.d4 cxd4
4.Nf3xd4 d6
5.Nb1c3 Ng8f6
6.Bc1e3 g6
7.Bf1e2 Bf8g7
8.O-O O-O
9.f4 e5
10.Nd4xc6 bxc6
11.fxe5 dxe5
12.Be3c5 Qd8xd1
13.Ra1xd1 Rf8e8
14.Be2f3 a5
15.Rf1e1 Bc8b7
16.a3 Re8d8
17.Rd1xd8 Ra8xd8
18.Re1d1 Rd8xd1
19.Bf3xd1 Bg7f8
20.Bc5xf8 Kxf8
21.Bd1f3 Ke7
22.Kf2 Kd6
23.Ke3 Nf6d7
24.b4 axb4
25.axb4 f5
26.exf5 gxf5
27.g3 Bb7a6
28.h4 Nd7f6
29.Nc3a4 e4
30.Bf3d1 Nf6d5
31.Kd4 Nd5xb4
32.Na4c5 Ba6c8
33.c3 Nb4d5
34.c4 Nd5c7
35.Nc5b3 Nc7e6
36.Ke3 Ke5
37.Bd1h5 Bc8d7
38.Nb3d2 Ne6g7
39.Bh5e2 Bd7e8
40.Nd2b3 Be8h5
41.Nb3a5 Bh5xe2
42.Kxe2 Kd4
43.Kd2 c5
44.Ke2 Ng7e8
45.h5 Ne8d6
46.Na5c6 Kxc4
47.Nc6e5 Kd5
48.Ne5d7 Nd6e8
49.Ke3 c4
50.Nd7b6 Kc5
51.Nb6a4 Kb4
52.Na4b2 c3
53.Nb2d1 c2
54.Kd2 cxd1Q
{ abandon }0-1

[Event "Défi( 10J+24H/c 10J Max )"]
[Site "www.echecsemail.com"]
[Date "2026.01.19"]
[Round "1"]
[White "Xercott"]
[Black "Utopia65"]
[WhiteElo "1790"]
[BlackElo "1480"]
[Result "1-0"]
1.d4 d5
2.c4 c6
3.Nb1c3 Bc8g4
4.Ng1f3 h6
5.cxd5 cxd5
6.e3 e6
7.Bf1e2 Bg4f5
8.Be2b5 Nb8c6
9.Nf3e5 Ng8e7
10.O-O a6
11.Bb5xc6 Ne7xc6
12.Bc1d2 Nc6xe5
13.dxe5 g5
14.Ra1c1 Ra8c8
15.g4 Bf5g6
16.Qd1a4 Qd8d7
17.Qa4b3 b5
18.a4 Rc8b8
19.a5 Bf8c5
20.Rf1d1 O-O
21.Kg2 Rf8c8
22.Nc3e2 Qd7c7
23.Bd2c3 Qc7b7
24.Bc3d4 Bc5xd4
25.exd4 Rc8xc1
26.Rd1xc1 b4
27.Ne2g3 Qb7b5
28.Ng3h5 Kf8
29.Nh5f6 Rb8d8
30.Qb3e3 Bg6e4
31.f3 Be4g6
32.Kg3 Qb5xa5
33.h4 Kg7
34.hxg5 Rd8h8
35.Qe3f4 h5
36.gxh5 Bg6xh5
37.Nf6xh5 Rh8xh5
38.Qf4f6 Kh7
39.Rc1c8 Rh5xg5
40.Qf6xg5 b3
41.Qg5h5 Kg7
42.Qh5h8 Kg6
43.Rc8g8 Kf5
44.Qh8f6 1-0

[Event "Tournoi n27402"]
[Site "www.echecsemail.com"]
[Date "2026.01.19"]
[Round "1"]
[White "Pioupiou22"]
[Black "Tiounet"]
[WhiteElo "1730"]
[BlackElo "1660"]
[Result "0-1"]
1.e4 a6
2.c4 b6
3.Ng1f3 Bc8b7
4.Nb1c3 g6
5.d4 Bf8g7
6.Bf1d3 Ng8f6
7.O-O O-O
8.Bc1g5 Rf8e8
9.Rf1e1 d6
10.b4 Nb8d7
11.d5 c6
12.a3 cxd5
13.cxd5 Qd8c7
14.Ra1c1 Qc7b8
15.Qd1d2 b5
16.Nc3e2 Nf6g4
17.h3 Ng4e5
18.Nf3xe5 Nd7xe5
19.Ne2g3 Ne5xd3
20.Qd2xd3 Qb8a7
21.Rc1c7 Ra8c8
22.Rc7xe7 Re8xe7
23.Bg5xe7 Bb7xd5
24.Be7xd6 Bd5e6
25.Bd6c5 Qa7c7
26.Ng3e2 Rc8d8
27.Qd3e3 Rd8d7
28.Ne2f4 Bg7h6
29.g3 Be6xh3
30.e5 Bh3f5
31.Qe3f3 Bh6g7
32.Qf3a8 Rd7d8
33.Qa8xa6 Qc7b8
34.Bc5d6 Qb8a8
35.Qa6b6 Rd8c8
36.Re1e3 Rc8c1
37.Kh2 Qa8h1
0-1

[Event "Défi"]
[Site "www.echecsemail.com"]
[Date "2026.01.19"]
[Round "1"]
[White "Roidechecs"]
[Black "Junior1966"]
[WhiteElo "1270"]
[BlackElo "1490"]
[Result "0-1"]
1.e4 e5
2.Nb1c3 Ng8f6
3.d3 h6
4.Ng1f3 Nb8c6
5.a3 Bf8c5
6.b4 Bc5d6
7.b5 O-O
8.bxc6 bxc6
9.d4 exd4
10.Nf3xd4 Bd6e5
11.Bc1e3 c5
12.f4 Be5xd4
13.Be3xd4 Rf8e8
14.e5 cxd4
15.Qd1xd4 Nf6g4
16.f5 Ng4xe5
17.Bf1e2 d6
18.g4 Ne5f3
19.Kf2 Nf3xd4
20.Be2c4 Nd4xc2
21.Ra1a2 Qd8h4
22.Kf3 Re8e3
23.Kf4 Qh4f2
0-1

[Event "Défi"]
[Site "www.echecsemail.com"]
[Date "2026.01.19"]
[Round "1"]
[White "Marcol"]
[Black "Junior1966"]
[WhiteElo "1020"]
[BlackElo "1490"]
[Result "0-1"]
1.e4 e5
2.Bf1b5 Nb8c6
3.Bb5xc6 bxc6
4.Ng1f3 d6
5.h4 Ng8f6
6.d4 Bc8e6
7.dxe5 Nf6xe4
8.Ke2 d5
9.Nb1c3 Ne4xc3
10.bxc3 c5
11.Nf3g5 Be6g4
12.f3 Bg4h5
13.Ra1b1 Bf8e7
14.c4 dxc4
15.Ng5xf7 Kxf7
16.Qd1e1 Qd8d4
17.Bc1e3 Qd4xe5
18.Kf2 Be7d6
19.f4 Qe5e4
20.Rb1d1 Bd6xf4
21.Qe1c3 Bh5xd1
22.Rh1xd1 Bf4xe3
23.Kf1 Qe4f4
24.Ke2 Qf4f2
0-1

[Event "Tournoi n27352"]
[Site "www.echecsemail.com"]
[Date "2026.01.19"]
[Round "1"]
[White "Fouvolant"]
[Black "Jeff75019"]
[WhiteElo "1430"]
[BlackElo "1450"]
[Result "1-0"]
1.e4 e5
2.Ng1f3 Nb8c6
3.Bf1c4 h6
4.d4 Bf8b4
5.c3 Bb4a5
6.d5 Nc6d4
7.Nf3xe5 Qd8f6
8.Qd1xd4 Ba5b6
9.Ne5xd7 Qf6g6
10.Nd7xb6 axb6
11.O-O Bc8h3
12.Qd4e5 Ng8e7
13.Qe5g3 Qg6xg3
14.fxg3 Bh3d7
15.d6 f6
16.dxe7 Kxe7
17.Bc1f4 Kd8
18.Nb1a3 Rh8e8
19.Na3b5 c6
20.Nb5c7 Ra8c8
21.Nc7xe8 Kxe8
22.e5 f5
23.e6 Bd7xe6
24.Bc4xe6 Rc8d8
25.Rf1e1 Ke7
26.Be6xf5 Kf6
27.g4 h5
28.Re1e6 Kf7
29.Ra1e1 hxg4
30.Bf5g6 Kf8
31.Re6e8 Rd8xe8
32.Re1xe8 1-0

[Event "Défi"]
[Site "www.echecsemail.com"]
[Date "2026.01.19"]
[Round "1"]
[White "Intrigue"]
[Black "Khamis"]
[WhiteElo "1720"]
[BlackElo "1920"]
[Result "0-1"]
1.e4 c5
2.Ng1f3 d6
3.d4 cxd4
4.Nf3xd4 Ng8f6
5.Nb1c3 a6
6.Bf1d3 e5
7.Nd4f3 Bc8g4
8.O-O Bf8e7
9.h3 Bg4h5
10.Bd3e2 O-O
11.Bc1e3 Nb8c6
12.a3 b5
13.b4 Ra8c8
14.Nc3d5 Nf6xe4
15.Be3b6 Qd8d7
16.Nf3d2 Bh5xe2
17.Qd1xe2 Ne4xd2
18.Qe2xd2 Be7d8
19.Ra1d1 Rc8b8
20.Bb6e3 Nc6e7
21.Rf1e1 f6
22.f4 e4
23.Re1f1 f5
24.Kh1 Ne7xd5
25.Qd2xd5 Kh8
26.Qd5xd6 Qd7f7
27.Be3c5 Rb8a8
28.Qd6c6 Bd8e7
29.Bc5xe7 Qf7xe7
30.Rf1e1 Rf8c8
31.Qc6d5 Rc8d8
32.Qd5b3 Rd8xd1
33.Re1xd1 h6
34.Rd1e1 Ra8d8
35.c4 Rd8d3
36.Qb3c2 Rd3xa3
37.cxb5 Kh7
38.bxa6 Ra3xa6
39.Re1e3 Qe7xb4
40.Kh2 Qb4e7
41.Qc2c4 Ra6g6
42.Qc4d4 Qe7h4
43.Qd4e5 Qh4f2
{ abandon }0-1

[Event "Coupe Niveau 9"]
[Site "www.echecsemail.com"]
[Date "2026.01.19"]
[Round "1"]
[White "Orosco"]
[Black "Eldiablo90"]
[WhiteElo "2280"]
[BlackElo "2790"]
[Result "0-1"]
1.e4 e6
2.d4 d5
3.Nb1c3 Ng8f6
4.Bf1d3 c5
5.Ng1f3 c4
6.e5 cxd3
7.exf6 dxc2
8.Qd1xc2 gxf6
9.O-O Nb8c6
10.Rf1e1 Bf8g7
11.Nc3b5 a6
12.Nb5c3 O-O
13.Bc1f4 Rf8e8
14.Ra1d1 Bc8d7
15.Qc2d2 Bg7f8
16.h3 Kh8
17.a3 Nc6a5
18.Rd1b1 Ra8c8
19.Qd2d3 Bf8g7
20.Qd3d1 Na5c4
21.Bf4g3 b5
22.Qd1d3 e5
23.dxe5 fxe5
24.Qd3xd5 Bd7f5
25.Qd5xd8 Re8xd8
26.Rb1d1 e4
27.Nf3g5 Bf5g6
28.Rd1xd8 Rc8xd8
29.Ng5xe4 Nc4xb2
30.Bg3h4 Rd8e8
31.Re1e2 Nb2c4
32.Ne4c5 Re8xe2
33.Nc3xe2 a5
34.a4 b4
35.Ne2c1 Bg6c2
36.Kf1 Bg7d4
37.Nc5b3 Bd4b2
38.Ke2 Kg7
39.Bh4d8 Bb2xc1
40.Nb3xc1 Bc2xa4
41.g4 b3
42.Kd3 b2
{ abandon }0-1

[Event "Transval 2"]
[Site "www.echecsemail.com"]
[Date "2026.01.19"]
[Round "1"]
[White "Abelito"]
[Black "4x4"]
[WhiteElo "1580"]
[BlackElo "1460"]
[Result "1-0"]
1.e4 e5
2.Bf1c4 d6
3.Nb1c3 Bc8e6
4.Nc3d5 Be6xd5
5.Bc4xd5 c6
6.Bd5b3 Ng8f6
7.d3 Nb8d7
8.Qd1f3 Qd8c7
9.Bc1g5 O-O-O
10.Bg5xf6 Nd7xf6
11.Qf3h3 Qc7d7
12.Qh3f3 Bf8e7
13.c3 Rd8f8
14.Ng1e2 d5
15.Ra1d1 b5
16.c4 d4
17.Bb3c2 Nf6e8
18.a3 f6
19.b4 Ne8c7
20.c5 g5
21.Ne2g3 Nc7e6
22.Ng3f5 Ne6f4
23.Qf3g4 h5
24.Nf5xe7 Kc7
25.Qg4xd7 Kxd7
26.Ne7f5 Nf4xg2
27.Kf1 Ng2h4
28.Nf5d6 f5
29.Bc2b3 f4
30.a4 a6
31.a5 g4
32.Nd6f5 Nh4xf5
33.exf5 Rf8xf5
34.Rd1d2 h4
35.Bb3d1 f3
36.h3 g3
37.fxg3 hxg3
38.Kg1 f2
39.Kg2 f1Q
40.Rh1xf1 Rf5g5
41.Rf1f7 Ke6
42.Rf7a7 Kd5
43.Bd1b3 1-0

[Event "Tournoi n27398"]
[Site "www.echecsemail.com"]
[Date "2026.01.19"]
[Round "1"]
[White "Tiounet"]
[Black "Aramis"]
[WhiteElo "1650"]
[BlackElo "1580"]
[Result "0-1"]
1.a3 d5
2.b4 g6
3.Bc1b2 f6
4.g3 Bf8g7
5.Bf1g2 e5
6.e3 Ng8e7
7.Ng1e2 Nb8d7
8.Nb1c3 c6
9.O-O O-O
10.d3 Ra8b8
11.Nc3a4 b5
12.Na4c3 Nd7b6
13.Nc3b1 a6
14.Nb1d2 Bc8g4
15.Rf1e1 Nb6a4
16.Qd1c1 Na4xb2
17.c4 Nb2xd3
18.Qc1c3 Nd3xe1
19.Ra1xe1 bxc4
20.Nd2f3 Bg4xf3
21.Bg2xf3 e4
22.Bf3g2 f5
23.Qc3d2 Qd8b6
24.Ne2d4 Bg7xd4
25.Qd2xd4 Qb6xd4
26.exd4 Ne7c8
{ abandon }0-1

[Event "Tournoi n27381"]
[Site "www.echecsemail.com"]
[Date "2026.01.19"]
[Round "1"]
[White "Voyageur"]
[Black "Tartu"]
[WhiteElo "1650"]
[BlackElo "1740"]
[Result "1-0"]
1.d4 d5
2.c4 c6
3.e3 Ng8f6
4.Ng1f3 e6
5.Nb1c3 Bf8b4
6.Bc1d2 O-O
7.Nf3e5 Nb8d7
8.Ne5f3 a6
9.c5 Rf8e8
10.a3 Bb4xc3
11.Bd2xc3 b5
12.cxb6 Nd7xb6
13.Bf1e2 h6
14.O-O Qd8c7
15.Nf3e5 Bc8b7
16.h3 Nf6d7
17.Ne5f3 c5
18.Qd1d3 c4
19.Qd3c2 Nd7f6
20.Nf3e5 Nb6d7
21.Ne5xd7 Qc7xd7
22.b4 Bb7c6
23.Be2f3 Bc6a4
24.Qc2d2 Ba4b3
25.Ra1b1 Qd7a4
26.Bf3d1 Qa4xa3
27.Bd1xb3 cxb3
28.Rb1a1 Nf6e4
29.Qd2e1 Qa3xa1
30.Qe1xa1 Ne4xc3
31.Qa1xc3 Ra8b8
32.Qc3xb3 Rb8b5
33.Rf1a1 Re8b8
34.Ra1xa6 Rb5xb4
35.Qb3a2 Rb4b1
36.Kh2 Kh7
37.Qa2c2 f5
38.Ra6xe6 Rb8b2
39.Qc2xf5 { abandon }1-0

[Event "Transval 3"]
[Site "www.echecsemail.com"]
[Date "2026.01.19"]
[Round "1"]
[White "Woluwe1975"]
[Black "Sam"]
[WhiteElo "1640"]
[BlackElo "1670"]
[Result "1-0"]
1.e4 e5
2.Ng1f3 f6
3.Bf1c4 Bf8c5
4.c3 Nb8c6
5.Bc4xg8 Rh8xg8
6.d4 exd4
7.cxd4 Bc5b4
8.Nb1c3 d6
9.h3 Qd8e7
10.O-O g5
11.d5 Nc6e5
12.Qd1a4 Bc8d7
13.Qa4xb4 h5
14.Nf3xe5 fxe5
15.Qb4xb7 Ra8c8
16.Nc3b5 Kd8
17.Nb5xa7 g4
18.Na7xc8 Bd7xc8
19.Qb7b3 gxh3
20.g3 h4
21.Kh2 hxg3
22.fxg3 Qe7h7
23.Qb3d1 Qh7xe4
24.Bc1g5 Rg8xg5
25.Rf1f8 Ke7
26.Rf8f2 Bc8g4
27.Qd1f1 Qe4e3
28.Rf2f7 Kd8
29.Rf7f8 Kd7
30.Qf1f7 1-0

[Event "Défi"]
[Site "www.echecsemail.com"]
[Date "2026.01.19"]
[Round "1"]
[White "Calcedoine"]
[Black "Tartu"]
[WhiteElo "1810"]
[BlackElo "1730"]
[Result "1-0"]
1.c3 e5
2.e4 Ng8f6
3.Qd1c2 Nb8c6
4.Ng1f3 Bf8c5
5.a3 a5
6.h3 O-O
7.b4 axb4
8.cxb4 Bc5e7
9.Bc1b2 d6
10.d4 exd4
11.Nb1d2 Rf8e8
12.Nf3xd4 Nc6xd4
13.Bb2xd4 Bc8e6
14.Bf1d3 b6
15.O-O h6
16.Rf1e1 c5
17.bxc5 dxc5
18.Bd4c3 Qd8c8
19.e5 Nf6d5
20.Bc3b2 Nd5f4
21.Bd3e4 Ra8b8
22.Nd2c4 Nf4d5
23.Ra1d1 Nd5c7
24.Nc4d6 Be7xd6
25.exd6 Nc7b5
26.Qc2d3 Qc8d7
27.Qd3g3 f5
28.Be4b1 Kh8
29.a4 Nb5a7
30.Rd1d2 Re8g8
31.Qg3g6 Rb8e8
32.Qg6xh6 1-0